Manchester City most G+A each season 2020s - Statistics

Yleistilastot
  • Tätä visaa on pelattu 28 kertaa
  • Keskiarvotulos 9 / 12
Vastaustilastot
Season Vastaus % Oikein
2022-2361 Erling Haaland
95%
2019-2038 Kevin de Bruyne
95%
2020-2128 Kevin de Bruyne
95%
2021-2233 Kevin de Bruyne
95%
2022-2338 Kevin de Bruyne
95%
2020-2126 Phil Foden
91%
2021-2225 Phil Foden
91%
2019-2036 Raheem Sterling
68%
2020-2124 Raheem Sterling
68%
2019-2034 Gabriel Jesus
50%
2021-2233 Riyad Mahrez
50%
2022-2328 Riyad Mahrez
50%
Ehtoja vastaavia visoja ei löytynyt
Tulosjakauma
Jokaisen tuloksen saaneiden osuus
Persentiili vastausten määrän mukaan
Tuloshistoriasi
Et ole pelannut tätä visaa